Přetvoření a napjatost fysikálně nelineárního poloprostoru

Bibliographic Details
Main Author: Hruban, Konrád (Author)
Format: Book
Language:Undetermined
PhysicalDescription:51 s.
Published: Praha ČSAV 1958

MARC

LEADER 00000nam a2200000 a 4500
001 vtls001397588
003 SK-MaSNL
005 20260302001109.0
008 240318s1958 xx 0 und
035 |a SNK000352000 
040 |a SNK  |b slo  |c SNK  |e AACR2 
100 1 |a Hruban, Konrád  |4 aut  |9 479500 
245 1 0 |a Přetvoření a napjatost fysikálně nelineárního poloprostoru 
260 |a Praha  |b ČSAV  |c 1958 
300 |a 51 s. 
999 |c 982452  |d 984382 
952 |t P60, <04>, [BOOK], {604}  |a SNK  |b SNK  |y VYP  |7 0  |o snkIB 177/68/1   |0 0  |1 0  |4 0  |d 2000-10-06  |l 0  |r 2005-01-02 00:00:00  |w 2026-02-24